[Event "Hajduszoboszlo op 19th"]
[Site "Hajduszoboszlo"]
[Date "2014.06.28"]
[Round "6"]
[White "Kovacs, Jozsef"]
[Black "Saller, Imre"]
[Result "1/2-1/2"]
[WhiteElo "1561"]
[BlackElo "1813"]
[PlyCount "67"]
[EventDate "2014.06.25"]
[EventType "swiss"]
[EventRounds "7"]
[EventCountry "HUN"]
[SourceTitle "CBM 161 Extra"]
[Source "ChessBase"]
[SourceDate "2014.08.29"]
[SourceVersion "1"]
[SourceVersionDate "2014.08.29"]
[SourceQuality "1"]

1. d4 d5 2. Nf3 Nf6 3. g3 e6 4. Bg2 c5 5. e3 Nc6 6. c3 Bd6 7. 0-0 0-0 8. Nbd2 b6 9. c4 Bb7 10. b3 Rc8 11. Bb2 cxd4 12. Nxd4 Nxd4 13. exd4 Ba6 14. Rc1 Qe7 15. Re1 dxc4 16. Nxc4 Bb4 17. Re3 Qd7 18. a3 Bd6 19. Nxd6 Qxd6 20. Rec3 Nd5 21. Rxc8 Rxc8 22. Rxc8+ Bxc8 23. Qc2 Bb7 24. h4 Qc6 25. Qxc6 Bxc6 26. f4 Ne7 27. Bf1 Bd5 28. b4 h5 29. Kf2 Nf5 30. Bd3 g6 31. a4 Bc6 32. a5 b5 33. Be2 Kf8 34. Bc3 1/2-1/2

[Event "HUN-chT2 Erkel 0910"]
[Site "Hungary"]
[Date "2010.05.02"]
[Round "11.7"]
[White "Kovacs, Jozsef"]
[Black "Feher, Laszlo"]
[Result "0-1"]
[WhiteElo "2058"]
[BlackElo "2020"]
[PlyCount "162"]
[EventDate "2009.11.08"]
[EventType "team-tourn"]
[EventRounds "11"]
[EventCountry "HUN"]
[SourceTitle "EXT 2011"]
[Source "ChessBase"]
[SourceDate "2010.11.26"]
[SourceVersion "1"]
[SourceVersionDate "2010.11.26"]
[SourceQuality "1"]
[WhiteTeam "Paszto"]
[BlackTeam "Dunaharaszti"]
[WhiteTeamCountry "HUN"]
[BlackTeamCountry "HUN"]

1. d4 Nf6 2. c4 g6 3. Nc3 Bg7 4. e4 0-0 5. Be2 d6 6. Bg5 h6 7. Be3 Nbd7 8. Qd2 Kh7 9. f4 e5 10. fxe5 dxe5 11. d5 Qe7 12. 0-0-0 Nc5 13. Qc2 Ng4 14. Bxg4 Bxg4 15. Nf3 b6 16. h3 Bd7 17. Nb5 Bxb5 18. cxb5 a6 19. Bxc5 bxc5 20. bxa6 Rxa6 21. Kb1 Rfa8 22. a3 Rb6 23. Nd2 f5 24. Nc4 Rf6 25. Rhf1 Raf8 26. exf5 Rxf5 27. Rxf5 Rxf5 28. d6 cxd6 29. Nxd6 Rf6 30. Ne4 Rc6 31. Qc4 Qc7 32. Rd2 Qc8 33. Ka2 Qg8 34. Rc2 Qb8 35. Qd5 Rc8 36. Rxc5 Rd8 37. Qc6 Rd3 38. Rc3 Rd1 39. Qc7 Qf8 40. Rf3 Qg8+ 41. b3 Kh8 42. Qc6 Re1 43. Rf2 Qd8 44. Rd2 Qh4 45. g4 Kh7 46. Qc2 Rh1 47. Rh2 Re1 48. Qg2 Qd8 49. Qc2 Qh4 50. Rd2 Rh1 51. Rg2 Qe1 52. b4 Qa1+ 53. Kb3 Rxh3+ 54. Kc4 Qd4+ 55. Kb5 Rxa3 56. g5 Qa7 57. Nf6+ Bxf6 58. gxf6 Qb7+ 59. Kc5 Qf7 60. Qb2 Qc7+ 61. Kb5 Ra7 62. Re2 Qb8+ 63. Kc4 Qg8+ 64. Kc5 Qf8+ 65. Kd5 Qxf6 66. Qxe5 Qb6 67. Kc4 h5 68. Qe8 Qc7+ 69. Kb3 Qf7+ 70. Qxf7+ Rxf7 71. b5 h4 72. Rg2 Kh6 73. Kc4 g5 74. Kd4 Kh5 75. Ke4 h3 76. Rb2 g4 77. b6 Rb7 78. Kf4 Kh4 79. Kf5 g3 80. Rb4+ Kh5 81. Rb3 h2 0-1

[Event "HUN-chT2 Erkel 0809"]
[Site "Hungary"]
[Date "2008.11.30"]
[Round "3.8"]
[White "Koszegi, Lajos"]
[Black "Kovacs, Jozsef"]
[Result "0-1"]
[WhiteElo "2060"]
[BlackElo "2057"]
[PlyCount "67"]
[EventDate "2008.10.26"]
[EventType "tourn"]
[EventRounds "11"]
[EventCountry "HUN"]
[SourceTitle "EXT 2010"]
[Source "ChessBase"]
[SourceDate "2010.11.25"]
[SourceVersion "1"]
[SourceVersionDate "2010.11.25"]
[SourceQuality "1"]
[WhiteTeam "Godollo"]
[BlackTeam "Paszto"]
[WhiteTeamCountry "HUN"]
[BlackTeamCountry "HUN"]

1. e4 e5 2. Nf3 Nc6 3. d4 exd4 4. Bc4 Nf6 5. 0-0 Be7 6. e5 Ne4 7. Re1 d5 8. exd6 Nxd6 9. Bd5 0-0 10. Bxc6 bxc6 11. Qxd4 Bf6 12. Qc5 Re8 13. Nc3 Rxe1+ 14. Nxe1 Qe8 15. Bf4 Ne4 16. Nxe4 Qxe4 17. Nd3 Bd4 18. Qa3 Be6 19. Re1 Qg6 20. Qe7 h5 21. Qg5 Qxg5 22. Bxg5 Bxa2 23. b3 c5 24. Bf4 c4 25. Nc1 cxb3 26. cxb3 Bb1 27. Bxc7 Bc3 28. Re7 Rc8 29. Rd7 Ba5 30. Bf4 Bb6 31. Ne2 Bf5 32. Rd5 Be6 33. Rd3 Rc2 34. h3 0-1

[Event "HUN-chT2 Toth 0708"]
[Site "Hungary"]
[Date "2008.05.18"]
[Round "11"]
[White "Kovacs, Jozsef"]
[Black "Balatoni, Gyorgy"]
[Result "1/2-1/2"]
[WhiteElo "2026"]
[BlackElo "1947"]
[PlyCount "58"]
[EventDate "2007.10.14"]
[EventType "team-tourn"]
[EventRounds "11"]
[EventCountry "HUN"]
[SourceTitle "EXT 2009"]
[Source "ChessBase"]
[SourceDate "2008.11.26"]
[SourceVersion "1"]
[SourceVersionDate "2008.11.26"]
[SourceQuality "1"]
[WhiteTeam "Karcag"]
[BlackTeam "Szentes"]
[WhiteTeamCountry "HUN"]
[BlackTeamCountry "HUN"]

1. e4 c6 2. d4 d5 3. e5 Bf5 4. Nf3 e6 5. c4 dxc4 6. Bxc4 Nd7 7. 0-0 Ne7 8. Nc3 Nb6 9. Bb3 Ned5 10. Qe2 Be7 11. Rd1 0-0 12. Ne4 Bg4 13. a3 a6 14. Bc2 Nd7 15. Ng3 g6 16. h3 Bxf3 17. Qxf3 Bg5 18. Qg4 Bxc1 19. Raxc1 Kh8 20. h4 f5 21. Qh3 Kg7 22. Ne2 Qe7 23. Bb3 N7b6 24. Rd3 h6 25. Rg3 Rh8 26. f4 Kf7 27. Bc2 Rag8 28. Rf1 Ke8 29. Qh2 g5 1/2-1/2

[Event "HUN-chT2 Toth 0708"]
[Site "Hungary"]
[Date "2008.04.27"]
[Round "10"]
[White "Kovacs, Arthur"]
[Black "Kovacs, Jozsef"]
[Result "1-0"]
[WhiteElo "2125"]
[BlackElo "2026"]
[PlyCount "83"]
[EventDate "2007.10.14"]
[EventType "team-tourn"]
[EventRounds "11"]
[EventCountry "HUN"]
[SourceTitle "EXT 2009"]
[Source "ChessBase"]
[SourceDate "2008.11.26"]
[SourceVersion "1"]
[SourceVersionDate "2008.11.26"]
[SourceQuality "1"]
[WhiteTeam "Mako II"]
[BlackTeam "Karcag"]
[WhiteTeamCountry "HUN"]
[BlackTeamCountry "HUN"]

1. d4 g6 2. c4 Bg7 3. Nc3 d6 4. e4 Nd7 5. Nf3 e5 6. Be2 Ngf6 7. 0-0 0-0 8. Re1 h6 9. Bf1 c6 10. h3 Kh7 11. Be3 Qe7 12. Qc2 Re8 13. d5 c5 14. b4 b6 15. bxc5 Nxc5 16. Bxc5 bxc5 17. Rab1 Nh5 18. Rb2 Qf6 19. Be2 Nf4 20. Kh2 g5 21. Ng1 h5 22. g3 Nxe2 23. Qxe2 Qg6 24. g4 hxg4 25. hxg4 Qh6+ 26. Kg2 Kg6 27. Nh3 Rh8 28. Rh1 Bf6 29. Nb5 Bd7 30. Nxd6 Be7 31. Nf5 Bxf5 32. exf5+ Kg7 33. f3 Qf6 34. Nf2 Rxh1 35. Nxh1 Rh8 36. Ng3 Qd6 37. Nh5+ Kh7 38. Qe4 f6 39. Rb7 Rb8 40. Qb1 Rxb7 41. Qxb7 a6 42. Qc6 1-0

[Event "HUN-chT2 Asztalos 0708"]
[Site "Hungary"]
[Date "2008.03.30"]
[Round "9"]
[White "Kovacs, Jozsef"]
[Black "Gere, Orsolya"]
[Result "1-0"]
[WhiteElo "2026"]
[BlackElo "1708"]
[PlyCount "55"]
[EventDate "2007.10.14"]
[EventType "team-tourn"]
[EventRounds "11"]
[EventCountry "HUN"]
[SourceTitle "EXT 2009"]
[Source "ChessBase"]
[SourceDate "2008.11.26"]
[SourceVersion "1"]
[SourceVersionDate "2008.11.26"]
[SourceQuality "1"]
[WhiteTeam "Koppany"]
[BlackTeam "Pannonpower II"]
[WhiteTeamCountry "HUN"]
[BlackTeamCountry "HUN"]

1. e4 c5 2. Nf3 e6 3. d4 cxd4 4. Nxd4 Qb6 5. Nb3 a6 6. Be3 Qc7 7. Be2 b5 8. a3 Bb7 9. N1d2 Nf6 10. f3 Bd6 11. g3 Be7 12. Rc1 0-0 13. 0-0 d6 14. c4 Qd7 15. cxb5 axb5 16. Nd4 b4 17. Bb5 Qd8 18. axb4 d5 19. e5 Nfd7 20. f4 Bxb4 21. N2b3 Qe7 22. Rc7 Ba6 23. Qe2 Rd8 24. Rfc1 Bxb5 25. Qxb5 Ra2 26. Rb7 Rxb2 27. Qxb4 Qe8 28. Qa3 1-0

[Event "HUN-chT2 Asztalos 0708"]
[Site "Hungary"]
[Date "2008.03.16"]
[Round "8"]
[White "Kovacs, Jozsef"]
[Black "Toth, Zoltan Jr"]
[Result "0-1"]
[WhiteElo "2026"]
[BlackElo "1997"]
[PlyCount "104"]
[EventDate "2007.10.14"]
[EventType "team-tourn"]
[EventRounds "11"]
[EventCountry "HUN"]
[SourceTitle "EXT 2009"]
[Source "ChessBase"]
[SourceDate "2008.11.26"]
[SourceVersion "1"]
[SourceVersionDate "2008.11.26"]
[SourceQuality "1"]
[WhiteTeam "Koppany"]
[BlackTeam "Dombovar"]
[WhiteTeamCountry "HUN"]
[BlackTeamCountry "HUN"]

1. e4 c5 2. Nf3 e6 3. d4 cxd4 4. Nxd4 a6 5. Be2 Qc7 6. 0-0 Nf6 7. Nd2 Nc6 8. Nxc6 dxc6 9. Bf3 b5 10. a4 Bb7 11. axb5 axb5 12. Rxa8+ Bxa8 13. Nb3 Bd6 14. g3 0-0 15. Be3 Rd8 16. Qe2 Nd7 17. Rd1 Ne5 18. Bg2 Nc4 19. Bc1 c5 20. Nd2 Nxd2 21. Rxd2 b4 22. c4 Be5 23. b3 Rxd2 24. Qxd2 Bd4 25. Qa2 Bc6 26. Kf1 e5 27. Ke2 Qb7 28. f3 Qd7 29. Be3 f5 30. exf5 Qxf5 31. Qd2 Qh5 32. h3 e4 33. g4 exf3+ 34. Bxf3 Bxf3+ 35. Kxf3 Qxh3+ 36. Kf4 h5 37. Bxd4 Qxg4+ 38. Ke5 cxd4 39. Qxd4 Qg3+ 40. Qf4 Qxb3 41. Ke6 Qh3+ 42. Ke7 Qg4 43. Qb8+ Kh7 44. Qxb4 Qe4+ 45. Kd6 h4 46. Qc3 Qf4+ 47. Kd7 Qg4+ 48. Kd8 h3 49. c5 Qg5+ 50. Kd7 Qf5+ 51. Kd8 h2 52. Qc1 Qd5+ 0-1

[Event "HUN-chT2 Asztalos 0708"]
[Site "Hungary"]
[Date "2007.12.09"]
[Round "4"]
[White "Szijjarto, Laszlo"]
[Black "Kovacs, Jozsef"]
[Result "1-0"]
[WhiteElo "1948"]
[BlackElo "2026"]
[PlyCount "101"]
[EventDate "2007.10.14"]
[EventType "team-tourn"]
[EventRounds "11"]
[EventCountry "HUN"]
[SourceTitle "EXT 2009"]
[Source "ChessBase"]
[SourceDate "2008.11.26"]
[SourceVersion "1"]
[SourceVersionDate "2008.11.26"]
[SourceQuality "1"]
[WhiteTeam "Paks ASE"]
[BlackTeam "Koppany"]
[WhiteTeamCountry "HUN"]
[BlackTeamCountry "HUN"]

1. d4 Nf6 2. c4 e6 3. a3 b6 4. Nc3 Bb7 5. f3 d5 6. Bg5 Be7 7. e3 0-0 8. Bd3 h6 9. Bf4 Bd6 10. Nge2 c5 11. 0-0 Nc6 12. dxc5 Bxf4 13. Nxf4 dxc4 14. Bxc4 bxc5 15. Qc2 Qe7 16. Rac1 Ne5 17. Ba2 Rfd8 18. Bb1 Rd7 19. Rfd1 Rad8 20. Rxd7 Rxd7 21. Nh5 Ng6 22. Nxf6+ Qxf6 23. Rd1 Rxd1+ 24. Qxd1 Qg5 25. Qe2 Ne7 26. f4 Qh4 27. Ne4 c4 28. Nf2 Nd5 29. Qxc4 g6 30. Qd4 g5 31. Qxa7 gxf4 32. Qb8+ Kg7 33. exf4 Ba6 34. Qe5+ Kf8 35. g3 Qd8 36. Qh8+ Ke7 37. Qxd8+ Kxd8 38. Ng4 h5 39. Ne5 f6 40. Nf3 Ne3 41. Bg6 Nc4 42. Bxh5 Nxb2 43. Nd4 Bc4 44. Bg4 f5 45. Be2 Bd5 46. h4 Na4 47. Bf3 Bc4 48. Nc6+ Ke8 49. Ne5 Bb3 50. Bc6+ Ke7 51. Bxa4 1-0

[Event "HUN-chT2 Maroczy 0708"]
[Site "Hungary"]
[Date "2007.11.25"]
[Round "3"]
[White "Kovacs, Jozsef"]
[Black "Uzonyi, David"]
[Result "1-0"]
[WhiteElo "2116"]
[BlackElo "1877"]
[PlyCount "65"]
[EventDate "2007.10.14"]
[EventType "team-tourn"]
[EventRounds "11"]
[EventCountry "HUN"]
[SourceTitle "EXT 2009"]
[Source "ChessBase"]
[SourceDate "2008.11.26"]
[SourceVersion "1"]
[SourceVersionDate "2008.11.26"]
[SourceQuality "1"]
[WhiteTeam "Salgotarjan"]
[BlackTeam "Hajduboszormeny"]
[WhiteTeamCountry "HUN"]
[BlackTeamCountry "HUN"]

1. d4 b6 2. c4 Bb7 3. Nc3 f5 4. Nf3 Nf6 5. d5 a5 6. g3 Na6 7. Bg2 e6 8. 0-0 Qc8 9. Ne5 Be7 10. e4 0-0 11. exf5 exf5 12. Bf4 Nc5 13. Re1 Re8 14. Qc2 g6 15. Re2 Bf8 16. Rae1 Bg7 17. Nd3 d6 18. Nxc5 bxc5 19. Rxe8+ Nxe8 20. Qd2 Qd7 21. Bg5 Nf6 22. Re6 Qf7 23. Qe1 Ne8 24. Re7 Qf8 25. Qe6+ Kh8 26. Rf7 Qg8 27. Qe7 Ba6 28. Nb5 Bxb5 29. cxb5 h6 30. Bd2 Rc8 31. Bc3 a4 32. h4 h5 33. Rf8 1-0

[Event "HUN-chT2 Erkel 0607"]
[Site "Hungary"]
[Date "2007.05.20"]
[Round "11"]
[White "Kovacs, Jozsef"]
[Black "Gelle, Istvan"]
[Result "1/2-1/2"]
[WhiteElo "2039"]
[BlackElo "2274"]
[PlyCount "123"]
[EventDate "2006.11.12"]
[EventType "team-tourn"]
[EventRounds "11"]
[EventCountry "HUN"]
[SourceTitle "EXT 2008"]
[Source "ChessBase"]
[SourceDate "2007.11.25"]
[SourceVersion "1"]
[SourceVersionDate "2007.11.25"]
[SourceQuality "1"]
[WhiteTeam "Vasarteri"]
[BlackTeam "Hobagoly"]
[WhiteTeamCountry "HUN"]
[BlackTeamCountry "HUN"]

1. d4 d5 2. c4 c6 3. Nc3 Nf6 4. Nf3 a6 5. Qb3 b5 6. cxd5 cxd5 7. Bg5 e6 8. e3 Nc6 9. Rc1 Na5 10. Qc2 Be7 11. Bd3 h6 12. Bf4 0-0 13. h3 Bb7 14. 0-0 Nc4 15. Qe2 Qa5 16. b3 Nd6 17. Rc2 Rfc8 18. Rfc1 Nde4 19. Nb1 Qd8 20. Bc7 Qe8 21. Ne5 Bf8 22. f3 Nd6 23. Ng4 Nxg4 24. hxg4 Qd7 25. Nd2 Ne8 26. Bg3 Ba3 27. Rxc8 Rxc8 28. Rxc8 Qxc8 29. f4 Be7 30. Nf3 Nd6 31. g5 Ne4 32. Bh4 hxg5 33. fxg5 Qc1+ 34. Kh2 Bd6+ 35. Ne5 Bxe5+ 36. dxe5 Qc3 37. Bxe4 Qxe5+ 38. Bg3 Qxe4 39. Qd2 e5 40. Qf2 d4 41. exd4 exd4 42. Qd2 Kh7 43. Bc7 Kg6 44. Bb6 d3 45. Be3 Bd5 46. Kg1 Qf5 47. Qb4 Qe6 48. Qd4 Be4 49. Bd2 Qg4 50. Qf2 Bc6 51. Be3 a5 52. Qd2 Be4 53. a3 b4 54. axb4 axb4 55. Kh2 Qh4+ 56. Kg1 Qg3 57. Qf2 Qg4 58. Qd2 Kh5 59. Qf2 Bd5 60. Qd2 Qe4 61. Bc5 Bxb3 62. Qxb4 1/2-1/2

[Event "HUN-chT2 Toth 0607"]
[Site "Hungary"]
[Date "2007.05.06"]
[Round "10"]
[White "Kovacs, Jozsef"]
[Black "Zsiros, Gyorgy"]
[Result "1/2-1/2"]
[WhiteElo "2039"]
[BlackElo "1930"]
[PlyCount "94"]
[EventDate "2006.11.12"]
[EventType "team-tourn"]
[EventRounds "11"]
[EventCountry "HUN"]
[SourceTitle "EXT 2025"]
[Source "ChessBase"]
[SourceDate "2024.10.14"]
[SourceVersion "1"]
[SourceVersionDate "2024.10.14"]
[SourceQuality "1"]
[WhiteTeam "Karcag"]
[BlackTeam "Mezobereny"]
[WhiteTeamCountry "HUN"]
[BlackTeamCountry "HUN"]

1. e4 c5 2. Nf3 Nc6 3. g3 g6 4. Bg2 Bg7 5. d3 Nf6 6. Nc3 0-0 7. Be3 d6 8. h3 Nd7 9. Qd2 Nde5 10. Bh6 Nxf3+ 11. Bxf3 Nd4 12. Bd1 f5 13. Bxg7 Kxg7 14. Nd5 e6 15. Nf4 e5 16. Nd5 Be6 17. c3 Bxd5 18. exd5 Nb5 19. Bf3 Qc8 20. Bg2 c4 21. 0-0 Qc5 22. Kh2 Rae8 23. Rad1 cxd3 24. a4 Nc7 25. Qxd3 b5 26. b4 Qb6 27. a5 Qb7 28. Rc1 e4 29. Qd4+ Rf6 30. Rfd1 Re7 31. c4 bxc4 32. Rxc4 Nb5 33. Qb2 Re5 34. Bf1 Rxd5 35. Rdc1 Re5 36. Rc6 Kh6 37. Qd2+ g5 38. h4 f4 39. Bxb5 Qxb5 40. Rxd6 Rxd6 41. Qxd6+ Kh5 42. hxg5 fxg3+ 43. Kh3 Rxg5 44. fxg3 Qf5+ 45. Kh2 Qf2+ 46. Kh3 e3 47. Qf4 Qxf4 1/2-1/2

[Event "HUN-chT2 Toth 0607"]
[Site "Hungary"]
[Date "2007.04.15"]
[Round "8"]
[White "Adok, Janos"]
[Black "Kovacs, Jozsef"]
[Result "1/2-1/2"]
[WhiteElo "2242"]
[BlackElo "2039"]
[PlyCount "30"]
[EventDate "2006.11.12"]
[EventType "team-tourn"]
[EventRounds "11"]
[EventCountry "HUN"]
[SourceTitle "EXT 2025"]
[Source "ChessBase"]
[SourceDate "2024.10.14"]
[SourceVersion "1"]
[SourceVersionDate "2024.10.14"]
[SourceQuality "1"]
[WhiteTeam "Vasarhelyi"]
[BlackTeam "Karcag"]
[WhiteTeamCountry "HUN"]
[BlackTeamCountry "HUN"]

1. c4 g6 2. d4 Bg7 3. Nf3 Nf6 4. Nc3 d6 5. Bg5 Nbd7 6. e4 e5 7. d5 h6 8. Bd2 Nc5 9. Qc2 a5 10. Be2 b6 11. h3 Bd7 12. Nh2 Qe7 13. 0-0-0 Na6 14. a3 Nc5 15. Be3 a4 1/2-1/2

[Event "HUN-chT2 Erkel 0607"]
[Site "Hungary"]
[Date "2006.12.17"]
[Round "4"]
[White "Kovacs, Jozsef"]
[Black "Takacs, Lajos"]
[Result "0-1"]
[WhiteElo "2045"]
[BlackElo "2237"]
[PlyCount "75"]
[EventDate "2006.11.12"]
[EventType "team-tourn"]
[EventRounds "11"]
[EventCountry "HUN"]
[SourceTitle "EXT 2008"]
[Source "ChessBase"]
[SourceDate "2007.11.25"]
[SourceVersion "1"]
[SourceVersionDate "2007.11.25"]
[SourceQuality "1"]
[WhiteTeam "Vasarteri"]
[BlackTeam "Ujszasz"]
[WhiteTeamCountry "HUN"]
[BlackTeamCountry "HUN"]

1. d4 g6 2. c4 Bg7 3. Nc3 d6 4. e4 Nf6 5. Be2 0-0 6. Bg5 h6 7. Be3 e5 8. d5 a5 9. h3 Na6 10. Nf3 Nc5 11. Nd2 Ne8 12. 0-0 g5 13. g4 Bd7 14. Re1 h5 15. gxh5 Bxh3 16. Kh2 Bd7 17. Rh1 Bh6 18. Nf3 Kh7 19. Bxc5 dxc5 20. Nxe5 Nf6 21. Nxd7 Nxd7 22. Bg4 Ne5 23. Bf5+ Kh8 24. Qe2 g4 25. Kg2 Rg8 26. Nb5 Qe7 27. Rad1 Rad8 28. b3 Nf3 29. Qd3 Ne5 30. Qc3 Bf4 31. Qxa5 g3 32. f3 Ra8 33. Qc3 Rxa2+ 34. Kg1 Re2 35. d6 cxd6 36. Nxd6 Rd8 37. Kf1 Rf2+ 38. Kg1 0-1

[Event "HUN-chT2 Toth 0607"]
[Site "Hungary"]
[Date "2006.11.26"]
[Round "2"]
[White "Gyori, Szabolcs"]
[Black "Kovacs, Jozsef"]
[Result "1-0"]
[WhiteElo "2191"]
[BlackElo "2039"]
[PlyCount "59"]
[EventDate "2006.11.12"]
[EventType "team-tourn"]
[EventRounds "11"]
[EventCountry "HUN"]
[SourceTitle "EXT 2025"]
[Source "ChessBase"]
[SourceDate "2024.10.14"]
[SourceVersion "1"]
[SourceVersionDate "2024.10.14"]
[SourceQuality "1"]
[WhiteTeam "Oroshaza MTK"]
[BlackTeam "Karcag"]
[WhiteTeamCountry "HUN"]
[BlackTeamCountry "HUN"]

1. e4 d6 2. d4 g6 3. Nc3 Bg7 4. Be3 Nd7 5. Qd2 e5 6. 0-0-0 c6 7. Kb1 Qe7 8. f3 Ngf6 9. Nge2 0-0 10. Bh6 Re8 11. g4 Qf8 12. Bxg7 Kxg7 13. Ng3 Qe7 14. h4 Nf8 15. h5 Ne6 16. dxe5 dxe5 17. hxg6 fxg6 18. Qh6+ Kg8 19. Bc4 Qg7 20. Qe3 Kh8 21. g5 Nd7 22. Bxe6 Rxe6 23. f4 exf4 24. Qxf4 Re8 25. Rh2 Rf8 26. Qd6 Qe5 27. Qxg6 Qg7 28. Qxg7+ Kxg7 29. Nf5+ Kg8 30. Ne7+ 1-0

[Event "HUN-chT2 Erkel 0506"]
[Site "Hungary"]
[Date "2006.01.22"]
[Round "6"]
[White "Kovacs, Jozsef"]
[Black "Hogye, Imre"]
[Result "1-0"]
[WhiteElo "2101"]
[BlackElo "2140"]
[PlyCount "75"]
[EventDate "2005.10.16"]
[EventType "team-tourn"]
[EventRounds "11"]
[EventCountry "HUN"]
[SourceTitle "EXT 2009"]
[Source "ChessBase"]
[SourceDate "2008.11.26"]
[SourceVersion "1"]
[SourceVersionDate "2008.11.26"]
[SourceQuality "1"]
[WhiteTeam "Vasarteri"]
[BlackTeam "Ujszasz"]
[WhiteTeamCountry "HUN"]
[BlackTeamCountry "HUN"]

1. d4 Nf6 2. c4 e6 3. Nc3 d5 4. Bg5 Be7 5. cxd5 exd5 6. e3 0-0 7. Bd3 h6 8. Bh4 b6 9. Nge2 Bb7 10. 0-0 Ne4 11. Bxe7 Qxe7 12. Nf4 Nxc3 13. bxc3 Nd7 14. Qc2 Nf6 15. Rae1 c5 16. f3 Qd6 17. Qf2 Rfe8 18. Ne2 Re7 19. Ng3 g6 20. Kh1 cxd4 21. cxd4 Qa3 22. Rd1 Rc8 23. e4 Rc3 24. Bb1 h5 25. e5 Ne8 26. f4 Ba6 27. Rfe1 h4 28. Nf1 h3 29. f5 hxg2+ 30. Qxg2 Rh3 31. Ng3 Rh6 32. fxg6 Ng7 33. gxf7+ Rxf7 34. Nf5 Rh5 35. Rg1 Rh7 36. Nd6 Be2 37. Bxh7+ Kf8 38. Qxe2 1-0

[Event "HUN-chT2 Erkel 0506"]
[Site "Hungary"]
[Date "2005.10.30"]
[Round "2"]
[White "Domschitz, Lajos"]
[Black "Kovacs, Jozsef"]
[Result "1/2-1/2"]
[WhiteElo "2107"]
[BlackElo "2101"]
[PlyCount "46"]
[EventDate "2005.10.16"]
[EventType "team-tourn"]
[EventRounds "11"]
[EventCountry "HUN"]
[SourceTitle "EXT 2009"]
[Source "ChessBase"]
[SourceDate "2008.11.26"]
[SourceVersion "1"]
[SourceVersionDate "2008.11.26"]
[SourceQuality "1"]
[WhiteTeam "Penzugyor II"]
[BlackTeam "Vasarteri"]
[WhiteTeamCountry "HUN"]
[BlackTeamCountry "HUN"]

1. e4 e5 2. Nf3 Nc6 3. Bb5 a6 4. Ba4 Nf6 5. 0-0 b5 6. Bb3 Bc5 7. c3 d6 8. d4 exd4 9. cxd4 Bb6 10. h3 h6 11. Nc3 0-0 12. Nd5 Nxd5 13. Bxd5 Bb7 14. Re1 Rb8 15. Be3 Re8 16. Rc1 Ne7 17. Bxb7 Rxb7 18. Qd3 Ng6 19. b4 Rb8 20. d5 Qd7 21. Rc6 Ne7 22. Rcc1 Ng6 23. Rc6 Ne7 1/2-1/2

[Event "HUN-chT2 Barcza 0405"]
[Site "Hungary"]
[Date "2005.04.24"]
[Round "11"]
[White "Kovacs, Jozsef"]
[Black "Kelemen, Imre"]
[Result "1-0"]
[WhiteElo "2112"]
[BlackElo "2136"]
[PlyCount "143"]
[EventDate "2004.09.26"]
[EventType "team-tourn"]
[EventRounds "11"]
[EventCountry "HUN"]
[SourceTitle "EXT 2009"]
[Source "ChessBase"]
[SourceDate "2008.11.26"]
[SourceVersion "1"]
[SourceVersionDate "2008.11.26"]
[SourceQuality "1"]
[WhiteTeam "Karcag"]
[BlackTeam "Derecske"]
[WhiteTeamCountry "HUN"]
[BlackTeamCountry "HUN"]

1. e4 c5 2. Nc3 Nc6 3. g3 g6 4. Bg2 Bg7 5. d3 d6 6. Nf3 Nf6 7. 0-0 h5 8. Bg5 Bg4 9. h3 Bxf3 10. Qxf3 Nd4 11. Qd1 Rb8 12. Qd2 b5 13. Nd1 b4 14. Be3 Ne6 15. f4 0-0 16. f5 Nd4 17. c3 bxc3 18. bxc3 Nc6 19. Bh6 Ne5 20. Bxg7 Kxg7 21. Ne3 Qa5 22. Rf2 Rb6 23. fxg6 fxg6 24. Raf1 Rfb8 25. Nd5 Nxd5 26. exd5 Rb2 27. Qg5 Rxf2 28. Rxf2 Qxc3 29. Qxe7+ Kh6 30. Qxd6 Rb1+ 31. Kh2 Nxd3 32. Qf8+ Qg7 33. Qxg7+ Kxg7 34. Re2 Rb2 35. d6 Rb6 36. Re6 Rb8 37. Be4 c4 38. d7 Nc5 39. Rd6 Rd8 40. Bxg6 c3 41. Bf5 Rxd7 42. Rxd7+ Nxd7 43. Kg2 Ne5 44. Kf2 Nc6 45. Ke3 Nb4 46. Be6 Kf6 47. Bb3 Ke5 48. a3 c2 49. Kd2 c1Q+ 50. Kxc1 Nd3+ 51. Kd2 Nf2 52. Ke3 Nxh3 53. Bd1 Ng5 54. Bxh5 Ne4 55. g4 Nf6 56. Kf3 a5 57. Bg6 Nd5 58. Be8 Nc7 59. Bc6 Ne6 60. Ke3 Nd4 61. Ba4 Ne6 62. Bd7 Ng5 63. Bf5 Nf7 64. Kd3 Nd6 65. Bd7 Kd5 66. Ba4 Kc5 67. Bb3 Nb5 68. g5 Nd4 69. g6 Nf5 70. Ke4 Ng7 71. Ke5 Nh5 72. Bd1 1-0

[Event "HUN-chT2 Erkel 0405"]
[Site "Hungary"]
[Date "2005.02.06"]
[Round "7"]
[White "Kovacs, Jozsef"]
[Black "Peto, Janos"]
[Result "1-0"]
[WhiteElo "2112"]
[BlackElo "1998"]
[PlyCount "119"]
[EventDate "2004.09.26"]
[EventType "team-tourn"]
[EventRounds "11"]
[EventCountry "HUN"]
[SourceTitle "EXT 2009"]
[Source "ChessBase"]
[SourceDate "2008.11.26"]
[SourceVersion "1"]
[SourceVersionDate "2008.11.26"]
[SourceQuality "1"]
[WhiteTeam "Garancia"]
[BlackTeam "Mezokovesd"]
[WhiteTeamCountry "HUN"]
[BlackTeamCountry "HUN"]

1. d4 c5 2. d5 e5 3. e4 d6 4. Nc3 g6 5. h4 Bg7 6. h5 g5 7. h6 Bf8 8. Nge2 Ne7 9. Ng3 Rg8 10. Nh5 Ng6 11. g3 Nd7 12. Bh3 b6 13. Nb5 Be7 14. Ng7+ Kf8 15. Qf3 Rxg7 16. hxg7+ Kxg7 17. Bf5 a6 18. Na3 h6 19. Nc4 Nf6 20. Bxc8 Rxc8 21. Ne3 Ng8 22. Nf5+ Kf8 23. Nxh6 Bf6 24. Bxg5 Rc7 25. Bxf6 Nxf6 26. Nf5 c4 27. c3 b5 28. Kf1 a5 29. Kg2 Ke8 30. Ng7+ Ke7 31. Nh5 Nd7 32. Qf5 Qg8 33. Kf1 Nc5 34. Nf6 Qg7 35. Nh7 Nd3 36. Ng5 Nf8 37. Rb1 b4 38. Ke2 Qf6 39. Qxf6+ Kxf6 40. Nf3 Nd7 41. Nd2 Nxb2 42. Rxb2 bxc3 43. Rb5 cxd2 44. Kxd2 c3+ 45. Kc2 Kg5 46. f3 f5 47. exf5 Kxf5 48. Rh5+ Kg6 49. Rh4 e4 50. Rxe4 Ne5 51. Rxa5 Nxf3 52. Ra3 Ng5 53. Re3 Rc5 54. Raxc3 Ra5 55. a3 Kf5 56. Rc4 Nf7 57. Rf4+ Kg6 58. Re6+ Kg7 59. Re7 Rc5+ 60. Kb2 1-0